Elektrón mesačník mladých pre vedu a techniku

Bibliographic Details
New Title:Elektrón Zenit
Other Authors: Drobný, Eduard, 1936-2015 (Publishing director), Györffy, Ladislav (bd)
Format: Journal
Language:Slovak
PhysicalDescription:18 zv. /26-30 cm/
Published: Bratislava Smena 1973-1990
ISSN:0323-2778
Subjects:

MARC

LEADER 00000cas a2200000 a 4500
001 vtls008883253
003 SK-MaSNL
005 20260228162129.0
008 141119d19731990xo mr p 0 0 b0slo d
022 |a 0323-2778 
035 |a (SVKBB03)vtls000128636 
040 |a SVKBB  |b slo  |c SVKBB  |d SNK  |e AACR2 
041 0 |a slo 
044 |a xo  |c SK 
072 7 |a 62  |x Technika všeobecne  |2 konspekt 
072 7 |a 00  |x Veda. Všeobecnosti. Základy vedy a kultúry. Vedecká práca  |2 konspekt 
080 |a 62  |2 2001 
080 |a 001  |2 2001 
080 |a (051.053.6)  |2 2001 
210 1 |a Elektrón  |b (Bratisl.) 
222 |a Elektrón  |b (Bratislava) 
245 0 0 |a Elektrón  |b mesačník mladých pre vedu a techniku 
246 1 3 |a Elektrón  |b mesačník pre mladých o vede a technike  |f 1974-1990 
260 |a Bratislava  |b Smena  |c 1973-1990 
300 |a 18 zv.  |c /26-30 cm/ 
310 |a 1x mesačne 
362 0 |a Roč. I, č. 1 (1973)-roč. VIII, č. 12 (1990) 
500 |a Časopis sa v roku 1991 zlúčil s časopisom Zenit a ďalej vychádzal pod názvom Elektrón Zenit 
500 |a Šéfredaktor: 1/1973-4/1989, Eduard Drobný; 9/1989-12/1990, Ladislav Györffy 
500 |a Od roku 1988 časopis vychádza vo formáte 30 cm 
500 |a Časopis obsahuje vystrihovačky a komiksy 
550 |a Vydáva ÚV SZM vo vydavateľstve Smena v Bratislave 
580 |a Zlúčením s titulom: ZENIT vznikol: Elektrón Zenit 
655 |a časopisy pre mládež  |2 SNKPH  |9 70792 
700 1 |a Drobný, Eduard,  |d 1936-2015,  |4 pbd  |9 56447 
700 1 |a Györffy, Ladislav,  |4 bd  |9 270428 
710 2 |a Socialistický zväz mládeže.  |b Slovenský ústredný výbor (Bratislava, Slovensko)  |4 pbl  |9 270429 
785 1 7 |t Elektrón Zenit  |w vtls008883254 
910 |a snk 
916 |a 1973-1990 
958 |a OND 
999 |c 6893  |d 8823 
952 |0 0  |1 0  |4 0  |7 0  |8 0  |a SNK  |b SNK  |d 1999-10-01  |f 1  |i snkČSP 1076/85  |l 0  |o snkČSB 2463/12/1984  |p 17A0211563  |r 2005-01-02 00:00:00  |t č. 1-12  |w 2026-02-21  |y PREZ 
952 |0 0  |1 0  |4 0  |7 0  |8 0  |a SNK  |b SNK  |d 1999-10-01  |f 1  |i snkČSP 2521/86  |l 0  |o snkČSB 2463/13/1985  |p 17A0211608  |r 2005-01-02 00:00:00  |t č. 1-12  |w 2026-02-21  |y PREZ 
952 |0 0  |1 0  |4 0  |7 0  |a SNK  |b SNK  |d 2009-07-09  |f 1  |i snkČSP 443/76  |l 0  |o snkČSB 2463/3/1975  |p 17A0621198  |r 2026-02-21 19:31:06  |t č. 1-12  |w 2026-02-21  |y PREZ 
952 |0 0  |1 0  |4 0  |7 0  |a SNK  |b SNK  |d 2009-07-09  |f 1  |i snkČSP 454/77  |l 0  |o snkČSB 2463/4/1976  |p 17A0621530  |r 2026-02-21 19:31:06  |t č. 1-12  |w 2026-02-21  |y PREZ 
952 |0 0  |1 0  |4 0  |7 0  |a SNK  |b SNK  |d 1997-04-28  |f 1  |i snkČSP 1368/83  |l 0  |o snkČSB 2463/10/1982  |p 17A0064358  |r 2005-01-02 00:00:00  |t č. 1-12  |w 2026-02-21  |y PREZ 
952 |0 0  |1 0  |4 0  |7 0  |a SNK  |b SNK  |d 2000-06-02  |l 0  |o snkČSB 2463/10/1982 D1  |p 17A0238743  |r 2005-01-02 00:00:00  |w 2026-02-21  |y PREZ 
952 |0 0  |1 0  |4 0  |7 0  |a SNK  |b SNK  |d 2004-09-08  |f 1  |i snkČSP 337/88  |l 0  |o snkČSB 2463/14/1986/1  |p 17A0440429  |r 2005-01-02 00:00:00  |t č. 1-6  |w 2026-02-21  |y PREZ 
952 |0 0  |1 0  |4 0  |7 0  |a SNK  |b SNK  |d 2004-09-08  |f 1  |i snkČSP 339/88  |l 0  |o snkČSB 2463/14/1986/2  |p 17A0440058  |r 2005-01-02 00:00:00  |t č. 7-12  |w 2026-02-21  |y PREZ 
952 |0 0  |1 0  |4 0  |7 0  |a SNK  |b SNK  |d 1997-04-28  |f 1  |i snkČSP 1007/82  |l 0  |o snkČSB 2463/9/1981  |p 17A0064359  |r 2005-01-02 00:00:00  |t č. 1-12  |w 2026-02-21  |y PREZ 
952 |0 0  |1 0  |4 0  |7 0  |a SNK  |b SNK  |d 2013-12-27  |i snkČSP 4016/90  |l 0  |o snkČSB 2463/17/1989 D1  |p 17A1021921  |r 2026-02-21 19:43:44  |w 2026-02-21  |y PREZ 
952 |0 0  |1 0  |4 0  |7 0  |a SNK  |b SNK  |d 2011-03-30  |i snkČSP 736/75  |l 0  |o snkČSB 2463/1/1973 D1  |p 17A0692538  |r 2026-02-21 19:57:02  |t č. 1-12  |w 2026-02-21  |y PREZ 
952 |0 0  |1 0  |4 0  |7 0  |a SNK  |b SNK  |d 2024-07-22  |i snkČSP 599/84  |l 0  |o snkČSB 2463/11/1983 D1  |p 17A1317395  |r 2026-02-21 19:58:24  |t č. 1-12  |w 2026-02-21  |y PREZ 
952 |0 0  |1 0  |4 0  |7 0  |a SNK  |b SNK  |d 2011-06-29  |i snkČSP 340/88  |l 0  |o snkČSB 2463/14/1986/2 D1  |p 17A0698968  |r 2026-02-21 20:06:43  |w 2026-02-21  |y PREZ 
952 |0 0  |1 0  |4 0  |7 0  |a SNK  |b SNK  |d 2011-06-29  |i snkČSP 338/88  |l 0  |o snkČSB 2463/14/1986/1 D1  |p 17A0698776  |r 2026-02-21 20:06:43  |t č. 1-6  |w 2026-02-21  |y PREZ 
952 |0 0  |1 0  |4 0  |7 0  |a SNK  |b SNK  |d 2011-06-29  |i snkČSP 2468/88  |l 0  |o snkČSB 2463/15/1987/2 D1  |p 17A0698775  |r 2026-02-21 20:06:43  |t č. 7-12  |w 2026-02-21  |y PREZ 
952 |0 0  |1 0  |4 0  |7 0  |a SNK  |b SNK  |d 2011-06-29  |i snkČSP 2466/88  |l 0  |o snkČSB 2463/15/1987/1 D1  |p 17A0698967  |r 2026-02-21 20:06:43  |t č. 1-6  |w 2026-02-21  |y PREZ 
952 |0 0  |1 0  |4 0  |7 0  |a SNK  |b SNK  |d 2013-04-05  |i snkČSP 2012/91  |l 0  |o snkČSB 2463/18/1990 D1  |p 17A1052293  |r 2026-02-21 20:24:18  |t č. 1-12  |w 2026-02-21  |y PREZ 
952 |0 0  |1 0  |4 0  |7 0  |a SNK  |b SNK  |d 2012-10-13  |i snkČSP 2522/86  |l 0  |o snkČSB 2463/13/1985 D1  |p 17A1053127  |r 2026-02-21 20:30:52  |t č. 1-12  |w 2026-02-21  |y PREZ 
952 |0 0  |1 0  |4 0  |7 0  |a SNK  |b SNK  |d 1997-10-03  |f 1  |i snkČSP 1479/90  |l 0  |o snkČSB 2463/16/1988  |p 17A0101248  |r 2005-01-02 00:00:00  |t č. 1-12  |w 2026-02-21  |y PREZ 
952 |0 0  |1 0  |4 0  |7 0  |a SNK  |b SNK  |d 2014-04-03  |f 1  |i snkČSP 735/75  |l 0  |o snkČSB 2463/1/1973   |p 17A0830524  |r 2026-02-21 20:51:18  |t č. 1-12  |w 2026-02-21  |y PREZ 
952 |0 0  |1 0  |4 0  |7 0  |a SNK  |b SNK  |d 2014-04-03  |f 1  |i snkČSP 737/75  |l 0  |o snkČSB 2463/2/1974   |p 17A0830523  |r 2026-02-21 20:51:18  |t č. 1-12  |w 2026-02-21  |y PREZ 
952 |0 0  |1 0  |4 0  |7 0  |a SNK  |b SNK  |d 2014-04-03  |f 1  |i snkČSP 601/77  |l 0  |o snkČSB 2463/5/1977  |p 17A0830575  |r 2026-02-21 20:51:18  |t č. 1-12  |w 2026-02-21  |y PREZ 
952 |0 0  |1 0  |4 0  |7 0  |a SNK  |b SNK  |d 2014-04-03  |f 1  |i snkČSP 316/78  |l 0  |o snkČSB 2463/6/1978  |p 17A0830574  |r 2026-02-21 20:51:18  |t č. 1-12  |w 2026-02-21  |y PREZ 
952 |0 0  |1 0  |4 0  |7 0  |a SNK  |b SNK  |d 2014-04-03  |f 1  |i snkČSP 551/80  |l 0  |o snkČSB 2463/7/1979  |p 17A0830576  |r 2026-02-21 20:51:18  |t č. 1-12  |w 2026-02-21  |y PREZ 
952 |0 0  |1 0  |4 0  |7 0  |a SNK  |b SNK  |d 2014-04-03  |f 1  |i snkČSP 2467/88  |l 0  |o snkČSB 2463/15/1987/2  |p 17A0945110  |r 2026-02-21 20:51:18  |t č. 7-12  |w 2026-02-21  |y PREZ 
952 |0 0  |1 0  |4 0  |7 0  |a SNK  |b SNK  |d 2001-06-07  |f 1  |i snkČSP 342/81  |l 0  |o snkČSB 2463/8/1980  |p 17A0304487  |r 2005-01-02 00:00:00  |t č. 1-12  |w 2026-02-21  |y PREZ 
952 |0 0  |1 0  |4 0  |7 0  |a SNK  |b SNK  |d 2006-02-03  |f 1  |i snkČSP 2465/88  |l 0  |o snkČSB 2463/15/1987/1  |p 17A0495889  |r 2026-02-21 21:10:37  |t č. 1-6  |w 2026-02-21  |y PREZ 
952 |0 0  |1 0  |4 0  |7 0  |a SNK  |b SNK  |d 1999-02-03  |f 1  |i snkČSP 4015/90  |l 0  |o snkČSB 2463/17/1989  |p 17A0178880  |r 2005-01-02 00:00:00  |t č. 1-12  |w 2026-02-21  |y PREZ 
952 |0 0  |1 0  |4 0  |7 0  |a SNK  |b SNK  |d 1999-02-11  |f 1  |i snkČSP 598/84  |l 0  |o snkČSB 2463/11/1983  |p 17A0180596  |r 2005-01-02 00:00:00  |t č. 1-12  |w 2026-02-21  |y PREZ 
952 |0 0  |1 0  |4 0  |7 0  |a SNK  |b SNK  |d 2018-08-28  |i snkČSP 317/78  |l 0  |o snkČSB 2463/6/1978 D1  |p 17A1154288  |r 2026-02-21 21:32:16  |t č. 1-12  |w 2026-02-21  |y PREZ 
952 |0 0  |1 0  |4 0  |7 0  |a SNK  |b SNK  |d 1996-12-05  |f 1  |i snkČSP 2011/91  |l 0  |o snkČSB 2463/18/1990  |p 17A0024578  |r 2005-01-01 00:00:00  |t č. 1-12  |w 2026-02-21  |y PREZ 
952 |0 0  |1 0  |4 0  |7 0  |a SNK  |b SNK  |d 2018-08-28  |i snkČSP 1480/90  |l 0  |o snkČSB 2463/16/1988 D1  |p 17A1154289  |r 2026-02-21 21:46:45  |t č. 1-12  |w 2026-02-21  |y PREZ